000
00253nam a2200109Ia 4500
008
200302s9999 xx 000 0 und d
100
_a
Author
245
_a
Ontario Regulation 925/75
260
_b
Government of Ontario
260
_c
1978
300
_a
2273 P.,
999
_c
554
_d
554